[Event "40th IND-ch (w)"]
[Site "Kolkata IND"]
[Date "2013.08.26"]
[Round "1"]
[White "Furtado, Ivana Maria"]
[Black "Swathi, Ghate"]
[Result "0-1"]
[WhiteElo "2116"]
[BlackElo "2226"]
[EventDate "2013.08.26"]
[Board "1"]
[PlyCount "72"]
[EventRounds "11"]
[EventCountry "IND"]

1.d4 Nf6 2.c4 e6 3.Nc3 Bb4 4.Qc2 Nc6 5.Nf3 d6 6.Bd2 Qe7 7.a3 Bxc3 8.Bxc3 
a5 9.e3 e5 10.d5 Nb8 11.e4 O-O 12.Nd2 a4 13.Be2 Nbd7 14.g4 Nc5 15.g5 Ne8 
16.h4 f5 17.f3 c6 18.O-O-O Nc7 19.Rhf1 Bd7 20.Bd3 cxd5 21.exd5 b5 22.Kb1 
Rac8 23.Rfe1 Nxd3 24.Qxd3 bxc4 25.Qxc4 Bb5 26.Qa2 Bd3+ 27.Ka1 Nb5 28.Rc1 
Nxc3 29.bxc3 e4 30.f4 Qa7 31.c4 Rb8 32.Rc3 Qd4 33.Rc1 Rfc8 34.h5 Rb7 35.h6
Rcb8 36.hxg7 Kxg7 0-1

[Event "40th IND-ch (w)"]
[Site "Kolkata IND"]
[Date "2013.08.26"]
[Round "1"]
[White "Michelle, Catherina"]
[Black "Gomes, Mary Ann"]
[Result "1/2-1/2"]
[WhiteElo "2152"]
[BlackElo "2418"]
[EventDate "2013.08.26"]
[Board "2"]
[PlyCount "89"]
[EventRounds "11"]
[EventCountry "IND"]

1.e4 c5 2.Nf3 d6 3.d4 cxd4 4.Nxd4 Nf6 5.Nc3 a6 6.Be3 e5 7.Nb3 Be6 8.h3 
Nbd7 9.g4 h6 10.Qd2 b5 11.O-O-O Nb6 12.f4 Nc4 13.Qe1 Nxe3 14.Qxe3 Be7 15.
Kb1 Qc7 16.Nd5 Bxd5 17.exd5 O-O 18.g5 exf4 19.Qxf4 hxg5 20.Qxg5 Ne4 21.Qf4
f5 22.Bd3 Bg5 23.Qf3 Rae8 24.Nd4 Bf6 25.Bxe4 fxe4 26.Qe2 Bxd4 27.Rxd4 e3 
28.Re1 Rf2 29.Qd3 Qf7 30.Re4 Rxe4 31.Qxe4 Qf5 32.Qxf5 Rxf5 33.Kc1 Rf3 34.
h4 Kh7 35.Kd1 Kh6 36.Ke2 Rg3 37.b3 b4 38.a3 bxa3 39.Ra1 g5 40.hxg5+ Kxg5 
41.Rxa3 Kf4 42.Ra4+ Ke5 43.Rxa6 Kxd5 44.Kd3 Rg2 45.Kxe3 1/2-1/2

[Event "40th IND-ch (w)"]
[Site "Kolkata IND"]
[Date "2013.08.26"]
[Round "1"]
[White "Soumya, Swaminathan"]
[Black "Mohota, Nisha"]
[Result "1/2-1/2"]
[WhiteElo "2318"]
[BlackElo "2293"]
[EventDate "2013.08.26"]
[Board "3"]
[PlyCount "64"]
[EventRounds "11"]
[EventCountry "IND"]

1.e4 e5 2.Nf3 Nc6 3.Bb5 a6 4.Ba4 Nf6 5.O-O Be7 6.Re1 b5 7.Bb3 d6 8.c3 O-O 
9.h3 Nb8 10.d4 Nbd7 11.a4 Bb7 12.Nbd2 c5 13.Bc2 Re8 14.b3 b4 15.dxe5 bxc3 
16.Nb1 Nxe5 17.Nxc3 Nfd7 18.Nxe5 Nxe5 19.Nd5 Bxd5 20.Qxd5 Bf6 21.Be3 Qc7 
22.Rad1 Rad8 23.f4 Nc6 24.Qc4 Nb4 25.Bb1 g6 26.Bf2 Bg7 27.Re2 Bh6 28.f5 
Bf4 29.Bh4 Rd7 30.Rf1 Be5 31.Kh1 Qb7 32.fxg6 hxg6 1/2-1/2

[Event "40th IND-ch (w)"]
[Site "Kolkata IND"]
[Date "2013.08.26"]
[Round "1"]
[White "Tania, Sachdev"]
[Black "Padmini, Rout"]
[Result "1-0"]
[WhiteElo "2430"]
[BlackElo "2332"]
[EventDate "2013.08.26"]
[Board "4"]
[PlyCount "97"]
[EventRounds "11"]
[EventCountry "IND"]

1.d4 Nf6 2.c4 g6 3.f3 Bg7 4.e4 d6 5.Nc3 O-O 6.Nge2 c5 7.d5 e6 8.Ng3 exd5 
9.cxd5 Nbd7 10.Be2 a6 11.a4 h5 12.Bg5 Qc7 13.O-O Nh7 14.Be3 Ne5 15.Qd2 h4 
16.Nh1 f5 17.h3 Bd7 18.Nf2 Rae8 19.a5 Bc8 20.Na4 Qf7 21.Qc2 g5 22.Bd2 f4 
23.Bc3 Bd7 24.Nb6 Bb5 25.b4 Bxe2 26.Qxe2 cxb4 27.Bxb4 Nd7 28.Bxd6 Nxb6 29.
Bxf8 Bxa1 30.Rxa1 Nxd5 31.Bc5 Nhf6 32.Qb2 Ne3 33.Bd4 Re6 34.Rc1 Kh7 35.
Bxe3 fxe3 36.Nd1 Nh5 37.Nxe3 Ng3 38.Nd5 Rc6 39.Rb1 Kg6 40.Qe5 Re6 41.Qb8 
Qg7 42.Qxb7 Qd4+ 43.Kh2 Nxe4 44.fxe4 Qxe4 45.Rf1 Kh6 46.Qa8 Qe5+ 47.Kh1 
Qg7 48.Qc8 Re5 49.Qxa6+ 1-0

[Event "40th IND-ch (w)"]
[Site "Kolkata IND"]
[Date "2013.08.26"]
[Round "1"]
[White "Monnisha, Gajendra Babu Kannaiyan"]
[Black "Pratyusha, Bodda"]
[Result "0-1"]
[WhiteElo "2056"]
[BlackElo "2159"]
[EventDate "2013.08.26"]
[Board "5"]
[PlyCount "159"]
[EventRounds "11"]
[EventCountry "IND"]

1.e4 e6 2.d4 d5 3.Nc3 Nf6 4.Bg5 dxe4 5.Nxe4 Be7 6.Nxf6+ Bxf6 7.Bxf6 Qxf6 
8.Nf3 c5 9.c3 O-O 10.Bd3 cxd4 11.Nxd4 e5 12.Nc2 e4 13.Be2 Rd8 14.Qc1 Qg6 
15.Ne3 Nc6 16.O-O Be6 17.f3 exf3 18.Bxf3 Rac8 19.Qe1 Ne5 20.Qh4 Qd3 21.
Rae1 Nxf3+ 22.Rxf3 Qa6 23.a3 Qb6 24.Qf2 Rd3 25.Nc2 Qxf2+ 26.Rxf2 Rd6 27.
Nd4 h6 28.Nxe6 Rxe6 29.Rxe6 fxe6 30.Rd2 Rc7 31.Kf2 Kf7 32.Ke3 Ke7 33.Rd4 
Rc5 34.Rb4 b6 35.Rg4 Re5+ 36.Kd3 Rd5+ 37.Kc2 g5 38.h4 Kf6 39.hxg5+ hxg5 
40.Ra4 Rf5 41.Rxa7 Rf2+ 42.Kb3 Rxg2 43.Rb7 Rd2 44.Rxb6 g4 45.Rb8 Rd7 46.
Rf8+ Rf7 47.Rg8 Rg7 48.Rf8+ Ke5 49.Rf1 g3 50.Re1+ Kf4 51.Rxe6 g2 52.Re1 
g1=Q 53.Rxg1 Rxg1 54.Kc4 Ke5 55.Kc5 Rg8 56.b4 Rc8+ 57.Kb6 Ra8 58.Kc6 Ra6+ 
59.Kc5 Rxa3 60.c4 Ke6 61.b5 Kd7 62.Kb6 Kc8 63.c5 Kb8 64.Kc6 Rg3 65.Kb6 
Rg6+ 66.c6 Rg5 67.Ka5 Kc7 68.Ka6 Rg1 69.Ka5 Rb1 70.Ka4 Kb6 71.c7 Kxc7 72.
Ka5 Kb7 73.b6 Rxb6 74.Ka4 Kc6 75.Ka5 Kc5 76.Ka4 Rb8 77.Ka3 Kc4 78.Ka2 Kc3 
79.Ka1 Kc2 80.Ka2 0-1

[Event "40th IND-ch (w)"]
[Site "Kolkata IND"]
[Date "2013.08.26"]
[Round "1"]
[White "Kulkarni, Bhakti"]
[Black "Mohanty, Kiran Monisha"]
[Result "1-0"]
[WhiteElo "2302"]
[BlackElo "2272"]
[EventDate "2013.08.26"]
[Board "6"]
[PlyCount "65"]
[EventRounds "11"]
[EventCountry "IND"]

1.d4 Nf6 2.c4 g6 3.Nc3 d5 4.e3 Bg7 5.Nf3 O-O 6.Be2 c5 7.dxc5 Qa5 8.O-O 
dxc4 9.Qd4 Be6 10.Ng5 Nc6 11.Qh4 Qxc5 12.Nce4 Qxg5 13.Nxg5 Bf5 14.e4 Bd7 
15.Bxc4 Ne5 16.Be2 h6 17.Nh3 g5 18.Qg3 Nxe4 19.Qe3 Nd6 20.Rd1 Rfe8 21.f4 
gxf4 22.Nxf4 Ng4 23.Qg3 Nf6 24.Nh5 Nxh5 25.Bxh5 Kh8 26.Bxf7 Rf8 27.Bg6 Bf5
28.Bxf5 Nxf5 29.Qh3 Rac8 30.g4 Nd4 31.Bxh6 Nf3+ 32.Kh1 Rc2 33.Rf1 1-0

[Event "40th IND-ch (w)"]
[Site "Kolkata IND"]
[Date "2013.08.27"]
[Round "2"]
[White "Swathi, Ghate"]
[Black "Mohanty, Kiran Monisha"]
[Result "1/2-1/2"]
[WhiteElo "2226"]
[BlackElo "2272"]
[EventDate "2013.08.26"]
[Board "1"]
[PlyCount "91"]
[EventRounds "11"]
[EventCountry "IND"]

1.e4 c5 2.Nf3 Nc6 3.d4 cxd4 4.Nxd4 Nf6 5.Nc3 d6 6.Bg5 e6 7.Qd2 Be7 8.O-O-O
Nxd4 9.Qxd4 O-O 10.f4 Qa5 11.Bc4 Bd7 12.e5 dxe5 13.fxe5 Bc6 14.Bd2 Nd7 15.
Nd5 Qd8 16.Nxe7+ Qxe7 17.Rhe1 Nb6 18.Bf1 Rfd8 19.Qf4 Rac8 20.Kb1 Ba4 21.b3
Qc5 22.c4 Bc6 23.Qe3 Qe7 24.Qg3 Qc5 25.Bd3 Nd7 26.Bg5 Re8 27.Bh6 Qf8 28.
Bc2 Kh8 29.Bc1 Qe7 30.Bg5 Qb4 31.a3 Qa5 32.b4 Qc7 33.Rxd7 Qxd7 34.Rd1 Qc7 
35.Qh4 f5 36.exf6 g6 37.Bxg6 Rg8 38.f7 Rxg6 39.Bf6+ Rg7 40.Bxg7+ Kxg7 41.
Qg5+ Kf8 42.Qh6+ Ke7 43.Qg5+ Kf8 44.Qh6+ Ke7 45.Qh4+ Kf8 46.Qh6+ 1/2-1/2

[Event "40th IND-ch (w)"]
[Site "Kolkata IND"]
[Date "2013.08.27"]
[Round "2"]
[White "Pratyusha, Bodda"]
[Black "Kulkarni, Bhakti"]
[Result "1-0"]
[WhiteElo "2159"]
[BlackElo "2302"]
[EventDate "2013.08.26"]
[Board "2"]
[PlyCount "85"]
[EventRounds "11"]
[EventCountry "IND"]

1.Nc3 d5 2.e4 dxe4 3.Nxe4 Bf5 4.Ng3 Bg6 5.h4 h6 6.Nf3 Nc6 7.h5 Bh7 8.d4 
Nb4 9.Bb5+ c6 10.Ba4 Qa5 11.c3 Nd3+ 12.Kf1 Nxc1 13.Rxc1 e6 14.Ne5 Bd6 15.
Nc4 Qa6 16.Bb3 Bf4 17.Ra1 Bxg3 18.fxg3 Nf6 19.Kg1 O-O 20.Qf3 Be4 21.Qe2 c5
22.Rf1 Bf5 23.Rh4 Rad8 24.Rhf4 cxd4 25.g4 Bh7 26.cxd4 Qb5 27.Qf3 Qd5 28.
Qe3 Qg5 29.Ne5 Rd6 30.Qf3 Rb8 31.Qc3 Rf8 32.Qc7 Rb6 33.d5 exd5 34.Nf3 Ne8 
35.Nxg5 Nxc7 36.Nxf7 Re8 37.Ne5 Be4 38.Nd7 Rc6 39.Re1 Ne6 40.Rf2 Ng5 41.
Bxd5+ Kh7 42.Bxc6 bxc6 43.Nc5 1-0

[Event "40th IND-ch (w)"]
[Site "Kolkata IND"]
[Date "2013.08.27"]
[Round "2"]
[White "Padmini, Rout"]
[Black "Monnisha, Gajendra Babu Kannaiyan"]
[Result "1-0"]
[WhiteElo "2332"]
[BlackElo "2056"]
[EventDate "2013.08.26"]
[Board "3"]
[PlyCount "111"]
[EventRounds "11"]
[EventCountry "IND"]

1.e4 e5 2.Nf3 Nc6 3.Bb5 a6 4.Ba4 Nf6 5.O-O b5 6.Bb3 Bc5 7.a4 Rb8 8.axb5 
axb5 9.Nxe5 Nxe5 10.d4 Bxd4 11.Qxd4 d6 12.f4 Nc6 13.Qc3 Ne7 14.Nd2 O-O 15.
e5 b4 16.Qd3 dxe5 17.Qxd8 Rxd8 18.fxe5 Nfd5 19.Nf3 h6 20.Ra5 Bg4 21.Kf2 
Bh5 22.h3 Bg6 23.g4 Kh8 24.Rc5 Ra8 25.Bd2 Ra6 26.Rd1 Rb6 27.Be3 Be4 28.
Rxc7 Rbb8 29.Rc4 Bxf3 30.Kxf3 Re8 31.Re4 Nc7 32.Bxf7 Rf8 33.e6 Nxe6 34.
Rxe6 Rxf7+ 35.Ke2 Ng8 36.Rd4 Rc7 37.Rd2 Rbc8 38.Re4 Rb7 39.g5 Kh7 40.h4 b3
41.c4 hxg5 42.hxg5 Ne7 43.Kd3 Nc6 44.Kc3 Nb4 45.Rd6 Nc2 46.g6+ Kg8 47.Bb6 
Na1 48.c5 Rf8 49.Rd8 Rb8 50.Rxb8 Rxb8 51.c6 Kf8 52.c7 Rc8 53.Bc5+ Kg8 54.
Rd4 Re8 55.Rd8 Rxd8 56.cxd8=Q# 1-0

[Event "40th IND-ch (w)"]
[Site "Kolkata IND"]
[Date "2013.08.27"]
[Round "2"]
[White "Mohota, Nisha"]
[Black "Tania, Sachdev"]
[Result "1/2-1/2"]
[WhiteElo "2293"]
[BlackElo "2430"]
[EventDate "2013.08.26"]
[Board "4"]
[PlyCount "123"]
[EventRounds "11"]
[EventCountry "IND"]

1.d4 Nf6 2.c4 e6 3.g3 d5 4.Nf3 dxc4 5.Bg2 Nc6 6.O-O Rb8 7.Nc3 Be7 8.Qa4 
Bd7 9.Qxc4 O-O 10.Rd1 b5 11.Qd3 Nb4 12.Qb1 Bc6 13.e4 Ba8 14.Bg5 Nd7 15.
Bxe7 Qxe7 16.a3 Nc6 17.Qd3 Rfd8 18.Qe2 a6 19.a4 b4 20.Nb1 Na5 21.Nbd2 Bb7 
22.Rac1 c5 23.Qe3 Rbc8 24.Bf1 cxd4 25.Nxd4 Nc5 26.b3 Rc7 27.e5 Rcd7 28.Nc4
Nxc4 29.Rxc4 Ne4 30.Rdc1 Nc3 31.Nc6 Bxc6 32.Rxc6 a5 33.Qb6 Rd5 34.f4 g5 
35.Rc7 R8d7 36.Rc8+ Kg7 37.Rc4 Qd8 38.Qe3 h6 39.Re1 Rd4 40.Rxd4 Rxd4 41.
fxg5 hxg5 42.Bg2 Rd2 43.Qa7 Qd4+ 44.Qxd4 Rxd4 45.Bf1 Ne4 46.Re3 Nc5 47.h3 
Re4 48.Rxe4 Nxe4 49.Bd3 Nd2 50.Bc2 Nf3+ 51.Kf2 Nxe5 52.Ke3 f5 53.Kd4 Kf6 
54.Bd1 f4 55.gxf4 gxf4 56.Kc5 f3 57.Kb5 f2 58.Be2 Nf3 59.Kxa5 Nd4 60.Ba6 
Nxb3+ 61.Kxb4 Nd4 62.Kc3 1/2-1/2

[Event "40th IND-ch (w)"]
[Site "Kolkata IND"]
[Date "2013.08.27"]
[Round "2"]
[White "Gomes, Mary Ann"]
[Black "Soumya, Swaminathan"]
[Result "1/2-1/2"]
[WhiteElo "2418"]
[BlackElo "2318"]
[EventDate "2013.08.26"]
[Board "5"]
[PlyCount "99"]
[EventRounds "11"]
[EventCountry "IND"]

1.e4 g6 2.d4 Bg7 3.Nc3 d6 4.Nf3 a6 5.a4 Nf6 6.h3 O-O 7.Be3 Nc6 8.Be2 e5 9.
O-O exd4 10.Nxd4 Bd7 11.f4 Re8 12.Bf3 Nxe4 13.Bxe4 d5 14.Nxc6 Bxc6 15.Bxd5
Rxe3 16.Bxc6 bxc6 17.Qxd8+ Rxd8 18.Rad1 Rxd1 19.Nxd1 Re4 20.a5 Ra4 21.c3 
Rxa5 22.Ne3 Rb5 23.Nc4 Rc5 24.Ne3 Bf8 25.Ra1 a5 26.Kf2 Bd6 27.Kf3 f5 28.
Ra4 Rb5 29.Nc4 Kf7 30.Rxa5 Rxa5 31.Nxa5 c5 32.Nc4 Ke6 33.b3 Bf8 34.Ke3 Bg7
35.Kd3 Bh6 36.g3 g5 37.fxg5 Bxg5 38.Nd2 Kd5 39.Nf3 Be7 40.g4 fxg4 41.hxg4 
h6 42.c4+ Ke6 43.Ke4 Bf6 44.Ne1 Be7 45.Nd3 Bd6 46.Ne1 Be7 47.Nf3 Bf6 48.
Kf4 Be7 49.Ne1 Bg5+ 50.Ke4 1/2-1/2

[Event "40th IND-ch (w)"]
[Site "Kolkata IND"]
[Date "2013.08.27"]
[Round "2"]
[White "Furtado, Ivana Maria"]
[Black "Michelle, Catherina"]
[Result "1-0"]
[WhiteElo "2116"]
[BlackElo "2152"]
[EventDate "2013.08.26"]
[Board "6"]
[PlyCount "59"]
[EventRounds "11"]
[EventCountry "IND"]

1.d4 Nf6 2.c4 c5 3.d5 e5 4.Nc3 d6 5.e4 Be7 6.Nge2 a6 7.a4 Nbd7 8.Ng3 g6 9.
Bh6 Bf8 10.Bxf8 Kxf8 11.Qd2 h5 12.h4 Kg7 13.Be2 Rb8 14.f3 Qa5 15.Nf1 Nf8 
16.Ne3 Bd7 17.g4 hxg4 18.fxg4 b5 19.cxb5 axb5 20.Nf5+ gxf5 21.exf5 b4 22.
Qg5+ Ng6 23.fxg6 bxc3 24.O-O Qd8 25.gxf7+ Kf8 26.Rxf6 cxb2 27.Rb1 Bxa4 28.
Bd3 Rb4 29.Rbf1 Bd7 30.Rh6 1-0

[Event "40th IND-ch (w)"]
[Site "Kolkata IND"]
[Date "2013.08.28"]
[Round "3"]
[White "Michelle, Catherina"]
[Black "Swathi, Ghate"]
[Result "0-1"]
[WhiteElo "2152"]
[BlackElo "2226"]
[EventDate "2013.08.26"]
[Board "1"]
[PlyCount "116"]
[EventRounds "11"]
[EventCountry "IND"]

1.e4 c5 2.Nf3 Nc6 3.d4 cxd4 4.Nxd4 Qb6 5.Nb3 Nf6 6.Nc3 e6 7.Qe2 Bb4 8.Bd2 
O-O 9.a3 Be7 10.O-O-O d5 11.exd5 Nxd5 12.Nxd5 exd5 13.Be3 Qc7 14.Qd2 Bf6 
15.Nd4 Na5 16.Kb1 Nc4 17.Qc3 Bd7 18.h4 Rfc8 19.Bg5 Be5 20.Bxc4 dxc4 21.g3 
h6 22.Bf4 Re8 23.Bxe5 Rxe5 24.Rhe1 Rd5 25.Ne2 Rxd1+ 26.Rxd1 Bf5 27.Nf4 Re8
28.Nd5 Qc6 29.Ne3 Be6 30.Rd4 b5 31.Rf4 a5 32.Rd4 Qc5 33.Rd1 b4 34.Qd4 Qb5 
35.a4 Qxa4 36.Nxc4 b3 37.Na3 bxc2+ 38.Nxc2 Qa2+ 39.Kc1 Rc8 40.Rd3 Qa1+ 41.
Kd2 Qf1 42.Rc3 Rb8 43.Ra3 Rb7 44.Qd8+ Kh7 45.Qd3+ Qxd3+ 46.Rxd3 Rxb2 47.
Rf3 Bd5 48.Rf4 g5 49.hxg5 hxg5 50.Rd4 Bb3 51.Kc3 Rxc2+ 52.Kxb3 Rxf2 53.Rd5
Rf3+ 54.Kc4 Kg6 55.Rxa5 Rxg3 56.Kd4 f5 57.Rb5 f4 58.Ra5 Re3 0-1

[Event "40th IND-ch (w)"]
[Site "Kolkata IND"]
[Date "2013.08.28"]
[Round "3"]
[White "Soumya, Swaminathan"]
[Black "Furtado, Ivana Maria"]
[Result "1-0"]
[WhiteElo "2318"]
[BlackElo "2116"]
[EventDate "2013.08.26"]
[Board "2"]
[PlyCount "73"]
[EventRounds "11"]
[EventCountry "IND"]

1.e4 e6 2.d4 d5 3.Nc3 Nf6 4.e5 Nfd7 5.f4 c5 6.Nf3 Nc6 7.Be3 cxd4 8.Nxd4 
Bc5 9.Qd2 O-O 10.O-O-O a6 11.Qf2 Nxd4 12.Bxd4 Qc7 13.Be2 b5 14.Bf3 Bb7 15.
Ne2 Rac8 16.Bxc5 Nxc5 17.Nd4 b4 18.Kb1 Na4 19.Rhe1 Qb6 20.Qe3 Rc7 21.f5 
exf5 22.Nxf5 Qg6 23.g4 Nb6 24.e6 Nc4 25.Qf4 Qf6 26.Rd4 fxe6 27.Qxc7 exf5 
28.Qxb7 Qxd4 29.Qxd5+ Qxd5 30.Bxd5+ Kh8 31.Bxc4 fxg4 32.Bxa6 h5 33.a3 bxa3
34.b4 g5 35.b5 h4 36.b6 a2+ 37.Ka1 1-0

[Event "40th IND-ch (w)"]
[Site "Kolkata IND"]
[Date "2013.08.28"]
[Round "3"]
[White "Tania, Sachdev"]
[Black "Gomes, Mary Ann"]
[Result "0-1"]
[WhiteElo "2430"]
[BlackElo "2418"]
[EventDate "2013.08.26"]
[Board "3"]
[PlyCount "72"]
[EventRounds "11"]
[EventCountry "IND"]

1.d4 Nf6 2.c4 e6 3.Nf3 d5 4.Nc3 Bb4 5.Qb3 c5 6.dxc5 Nc6 7.e3 Ne4 8.cxd5 
exd5 9.Bb5 Nxc5 10.Qc2 Qa5 11.O-O Bxc3 12.Bxc6+ bxc6 13.bxc3 Ba6 14.Rd1 
Qa4 15.Qxa4 Nxa4 16.Bd2 O-O 17.Rab1 c5 18.Be1 Rfd8 19.Ne5 Rac8 20.Rb3 f6 
21.Ra3 Bb5 22.Rb1 a6 23.Nf3 Re8 24.Rab3 Bd3 25.Rc1 Rb8 26.Rd1 Bc4 27.Ra3 
Nb2 28.Ra1 Nd3 29.Nd2 Rb2 30.Rd1 Reb8 31.Nb3 Re2 32.Bd2 Nxf2 33.Re1 Ne4 
34.Rxe2 Bxe2 35.Bc1 Bd3 36.g4 c4 0-1

[Event "40th IND-ch (w)"]
[Site "Kolkata IND"]
[Date "2013.08.28"]
[Round "3"]
[White "Monnisha, Gajendra Babu Kannaiyan"]
[Black "Mohota, Nisha"]
[Result "1-0"]
[WhiteElo "2056"]
[BlackElo "2293"]
[EventDate "2013.08.26"]
[Board "4"]
[PlyCount "129"]
[EventRounds "11"]
[EventCountry "IND"]

1.e4 e5 2.Nf3 Nc6 3.Bb5 a6 4.Ba4 Nf6 5.O-O Be7 6.Re1 b5 7.Bb3 d6 8.c3 O-O 
9.d4 Bg4 10.d5 Na5 11.Bc2 c6 12.h3 Bc8 13.dxc6 Qc7 14.Nbd2 Qxc6 15.Nf1 Be6
16.Ng3 Rfc8 17.a4 h6 18.axb5 axb5 19.Nh4 Kh8 20.Nhf5 Bf8 21.Qf3 Ng8 22.Ne3
Nb3 23.Rxa8 Rxa8 24.Bxb3 Bxb3 25.Nd5 Qb7 26.Nf5 Bxd5 27.exd5 Rc8 28.g4 g6 
29.Ng3 Kg7 30.Rd1 Be7 31.Be3 b4 32.Bd2 Rc5 33.Ne4 Rxd5 34.Nxd6 Bxd6 35.
Qxd5 Qxd5 36.Bxh6+ Nxh6 37.Rxd5 Bf8 38.cxb4 Bxb4 39.Rxe5 f6 40.Rb5 Bd2 41.
Rd5 Bf4 42.b4 Kf7 43.b5 Ke6 44.Rd4 Be5 45.Rc4 g5 46.b6 Nf7 47.b7 Nd8 48.
b8=Q Bxb8 49.Rc8 Be5 50.Rxd8 Kf7 51.Kg2 Kg6 52.Ra8 Bf4 53.Kf3 Bh2 54.Ke4 
Be5 55.Kd5 Kf7 56.Ra7+ Kg6 57.Ke6 Bd4 58.Ra2 Be5 59.Ra8 Kg7 60.Kf5 Bd4 61.
Rd8 Bxf2 62.Rd7+ Kh6 63.Rd6 Be3 64.Rxf6+ Kh7 65.Rg6 1-0

[Event "40th IND-ch (w)"]
[Site "Kolkata IND"]
[Date "2013.08.28"]
[Round "3"]
[White "Kulkarni, Bhakti"]
[Black "Padmini, Rout"]
[Result "0-1"]
[WhiteElo "2302"]
[BlackElo "2332"]
[EventDate "2013.08.26"]
[Board "5"]
[PlyCount "84"]
[EventRounds "11"]
[EventCountry "IND"]

1.d4 Nf6 2.c4 g6 3.Nc3 d5 4.Nf3 Bg7 5.e3 O-O 6.Qb3 e6 7.cxd5 exd5 8.Be2 c6
9.O-O Nbd7 10.Rd1 Qe7 11.Bd2 Ne4 12.Be1 Nd6 13.Rac1 Re8 14.Na4 Bf8 15.Qc2 
f5 16.g3 g5 17.Bb4 Qf6 18.Bd3 Ne4 19.Bxf8 Nxf8 20.Ne5 g4 21.Qe2 Ng6 22.
Bxe4 fxe4 23.Nxg6 hxg6 24.Kg2 Re7 25.Rh1 Rh7 26.Nc5 Qf3+ 27.Qxf3 gxf3+ 28.
Kf1 Bh3+ 29.Ke1 Bg2 30.Rg1 Rxh2 31.Rc2 Rb8 32.Nd7 Rd8 33.Nc5 b6 34.Na6 Rd6
35.Nb4 c5 36.dxc5 bxc5 37.Rxc5 d4 38.Rd5 dxe3 39.Rxd6 Bh3 40.Rd2 exd2+ 41.
Kxd2 Rxf2+ 42.Kc3 Re2 0-1

[Event "40th IND-ch (w)"]
[Site "Kolkata IND"]
[Date "2013.08.28"]
[Round "3"]
[White "Mohanty, Kiran Monisha"]
[Black "Pratyusha, Bodda"]
[Result "1-0"]
[WhiteElo "2272"]
[BlackElo "2159"]
[EventDate "2013.08.26"]
[Board "6"]
[PlyCount "73"]
[EventRounds "11"]
[EventCountry "IND"]

1.e4 e6 2.d4 d5 3.Nc3 Nf6 4.e5 Nfd7 5.f4 c5 6.Nf3 Nc6 7.Be3 Qb6 8.Na4 Qa5+
9.c3 cxd4 10.b4 Nxb4 11.cxb4 Bxb4+ 12.Bd2 Bxd2+ 13.Nxd2 b6 14.Bd3 Ba6 15.
Bxa6 Qxa6 16.Nb2 Nc5 17.Nb3 O-O 18.Qe2 d3 19.Nxc5 bxc5 20.Nxd3 c4 21.Nf2 
Qa5+ 22.Qd2 c3 23.Qc2 f6 24.O-O fxe5 25.fxe5 Qb6 26.Qxc3 Rac8 27.Qd2 Rc4 
28.Rae1 Rcf4 29.Qe3 Qa6 30.Qb3 Ra4 31.Nd3 Rc8 32.Nf4 Rac4 33.Qh3 R4c6 34.
Nh5 Qb7 35.Qg4 Kh8 36.Nf4 Qb4 37.Ng6+ 1-0

[Event "40th IND-ch (w)"]
[Site "Kolkata IND"]
[Date "2013.08.29"]
[Round "4"]
[White "Swathi, Ghate"]
[Black "Pratyusha, Bodda"]
[Result "1/2-1/2"]
[WhiteElo "2226"]
[BlackElo "2159"]
[EventDate "2013.08.26"]
[Board "1"]
[PlyCount "86"]
[EventRounds "11"]
[EventCountry "IND"]

1.e4 e5 2.Nf3 Nc6 3.Bc4 Bc5 4.c3 Nf6 5.d3 O-O 6.O-O d5 7.exd5 Nxd5 8.Re1 
Bg4 9.h3 Bh5 10.Nbd2 Nb6 11.Bb5 Bd6 12.Ne4 f5 13.Bxc6 bxc6 14.Ng3 Bxf3 15.
Qxf3 Qd7 16.c4 Rae8 17.Nf1 e4 18.dxe4 fxe4 19.Qe2 Qf7 20.b3 Nd7 21.Be3 c5 
22.Ng3 Re5 23.Rad1 h5 24.Bc1 h4 25.Nf1 Rf5 26.Be3 Ne5 27.Nh2 Nd3 28.Rf1 
Bxh2+ 29.Kxh2 a5 30.Qg4 Qe7 31.Rd2 Nf4 32.Kh1 Nd3 33.Kg1 Nf4 34.Kh1 Nd3 
35.Kg1 Nf4 36.Bxf4 Rxf4 37.Qd7 Qxd7 38.Rxd7 e3 39.f3 Rd4 40.Rxc7 Rf5 41.
Re7 Rd2 42.Rxe3 Rxa2 43.Rfe1 Rb2 44.Re8+ Kf7 45.R1e7+ Kf6 46.Re6+ Kf7 47.
R8e7+ Kf8 48.Re5 Rxe5 49.Rxe5 Rxb3 50.Rxc5 a4 51.Ra5 a3 52.Ra7 Rc3 53.Kh2 
Rxc4 54.Rxa3 Ke7 55.Re3+ Kf6 56.Kg1 g5 57.Kf2 Rc2+ 58.Kf1 Rc1+ 59.Kf2 Rc2+
60.Kg1 Rc1+ 61.Kh2 Rc2 62.Re4 Kf5 63.Rg4 Ra2 64.Kg1 Ra1+ 65.Kf2 Ra2+ 66.
Ke3 Ra3+ 67.Kd2 Ra2+ 68.Kc3 Rf2 69.Kd4 Rd2+ 70.Kc5 Rc2+ 71.Kd6 Rd2+ 72.Ke7
Ra2 73.Kd6 Rd2+ 74.Kc5 Rc2+ 75.Kd4 Ra2 76.Ke3 Ra3+ 77.Kf2 Ra2+ 78.Kg1 Ra1+
79.Kh2 Rf1 80.Ra4 Kf6 81.Ra5 Kg6 82.Ra3 Kf5 83.g4+ hxg3+ 84.Kxg3 Rg1+ 85.
Kf2 Rh1 86.Ra5+ Kf4 87.Ra4+ Kf5 88.Kg2 Rb1 89.Rc4 Rb2+ 90.Kg3 Rb1 91.h4 
gxh4+ 92.Rxh4 Rg1+ 93.Kf2 Ra1 94.Rb4 Rc1 95.Ke3 Re1+ 96.Kf2 1/2-1/2

[Event "40th IND-ch (w)"]
[Site "Kolkata IND"]
[Date "2013.08.29"]
[Round "4"]
[White "Padmini, Rout"]
[Black "Mohanty, Kiran Monisha"]
[Result "1/2-1/2"]
[WhiteElo "2332"]
[BlackElo "2272"]
[EventDate "2013.08.26"]
[Board "2"]
[PlyCount "80"]
[EventRounds "11"]
[EventCountry "IND"]

1.e4 c5 2.Nc3 d6 3.Nge2 Nc6 4.g3 g6 5.Bg2 Bg7 6.d3 e6 7.Be3 Nd4 8.Qd2 Rb8 
9.Nc1 Ne7 10.O-O O-O 11.Nd1 e5 12.c3 Ne6 13.Bh6 f5 14.Bxg7 Nxg7 15.Ne2 d5 
16.exd5 Nxd5 17.f4 exf4 18.Nxf4 Nxf4 19.Qxf4 Be6 20.d4 cxd4 21.cxd4 Bc4 
22.Re1 Ne6 23.Qe5 Qxd4+ 24.Nf2 Qxe5 25.Rxe5 Nd4 26.b3 Bf7 27.Nh3 Nc6 28.
Rc5 Rbd8 29.Ng5 Rd2 30.Nxf7 Kxf7 31.Re1 Re8 32.Rxe8 Kxe8 33.Bxc6+ bxc6 34.
Rxc6 Rxa2 35.Rc7 h6 36.Rh7 Kf8 37.Rxh6 Kg7 38.Rh4 Rb2 39.Ra4 Rxb3 40.Rxa7+
Kf6 1/2-1/2

[Event "40th IND-ch (w)"]
[Site "Kolkata IND"]
[Date "2013.08.29"]
[Round "4"]
[White "Mohota, Nisha"]
[Black "Kulkarni, Bhakti"]
[Result "0-1"]
[WhiteElo "2293"]
[BlackElo "2302"]
[EventDate "2013.08.26"]
[Board "3"]
[PlyCount "84"]
[EventRounds "11"]
[EventCountry "IND"]

1.d4 Nf6 2.Nf3 c5 3.c3 g6 4.Bg5 Bg7 5.e3 O-O 6.Nbd2 d5 7.Be2 h6 8.Bh4 b6 
9.O-O Nfd7 10.c4 Bb7 11.Rc1 cxd4 12.Nxd4 Nc6 13.N2f3 Nxd4 14.Nxd4 dxc4 15.
Bxc4 Ne5 16.Bb3 Ba6 17.f4 Bxf1 18.Kxf1 g5 19.fxe5 gxh4 20.Qd3 Rc8 21.Rd1 
e6 22.Qe4 Rc5 23.Nf3 Qc7 24.Qxh4 Rc1 25.Qe4 Rd8 26.Rxc1 Qxc1+ 27.Kf2 Qxb2+
28.Kg3 Qc3 29.Bc2 Rd5 30.Bb3 Rxe5 31.Qa8+ Bf8 32.Kh3 Rc5 33.Qe4 Bg7 34.Qf4
b5 35.Qe4 a5 36.Nh4 Qe5 37.Qd3 a4 38.Bc2 Rc3 39.Qh7+ Kf8 40.g3 Qxe3 41.Bg6
Qg5 42.Bb1 Bf6 0-1

[Event "40th IND-ch (w)"]
[Site "Kolkata IND"]
[Date "2013.08.29"]
[Round "4"]
[White "Gomes, Mary Ann"]
[Black "Monnisha, Gajendra Babu Kannaiyan"]
[Result "1-0"]
[WhiteElo "2418"]
[BlackElo "2056"]
[EventDate "2013.08.26"]
[Board "4"]
[PlyCount "105"]
[EventRounds "11"]
[EventCountry "IND"]

1.Nf3 Nf6 2.c4 c5 3.Nc3 Nc6 4.g3 d5 5.cxd5 Nxd5 6.Bg2 Nc7 7.O-O e5 8.d3 
Be7 9.Be3 f6 10.Na4 Nd4 11.Rc1 Nce6 12.Bxd4 exd4 13.b4 O-O 14.Nxc5 Kh8 15.
Qb3 Qb6 16.Qc4 Rd8 17.a3 Qd6 18.Nd2 Nxc5 19.bxc5 Qe5 20.Nf3 Qd5 21.Qb4 a5 
22.Qb6 Ra6 23.Qc7 Re8 24.Rc4 Rc6 25.Qxa5 Rxc5 26.Qa4 Bd7 27.Nxd4 Bxa4 28.
Bxd5 Rxd5 29.Rxa4 Bxa3 30.Rb1 Bc5 31.Ne6 b5 32.Ra6 Re5 33.Nxc5 Rxc5 34.Rb6
h6 35.e3 Re7 36.R6xb5 Rc2 37.R1b2 Rc1+ 38.Kg2 Kh7 39.d4 Ra7 40.Kf3 Raa1 
41.Rd2 g5 42.d5 h5 43.d6 g4+ 44.Ke4 Ra4+ 45.Kf5 Rc8 46.d7 Rd8 47.Kxf6 Rf8+
48.Ke7 Rg8 49.d8=Q Ra7+ 50.Rd7 Rg7+ 51.Ke6 Raxd7 52.Rxh5+ Kg6 53.Qg5# 1-0

[Event "40th IND-ch (w)"]
[Site "Kolkata IND"]
[Date "2013.08.29"]
[Round "4"]
[White "Furtado, Ivana Maria"]
[Black "Tania, Sachdev"]
[Result "1-0"]
[WhiteElo "2116"]
[BlackElo "2430"]
[EventDate "2013.08.26"]
[Board "5"]
[PlyCount "61"]
[EventRounds "11"]
[EventCountry "IND"]

1.d4 Nf6 2.c4 e6 3.Nc3 Bb4 4.Qc2 O-O 5.a3 Bxc3+ 6.Qxc3 d6 7.Bg5 Nbd7 8.e3 
b6 9.Ne2 Bb7 10.Qc2 c5 11.Rd1 Qc7 12.Nc3 a6 13.f3 Rac8 14.Qd2 d5 15.cxd5 
exd5 16.Be2 c4 17.O-O b5 18.Rde1 h6 19.Bh4 Qb6 20.Bd1 a5 21.b4 cxb3 22.
Bxb3 a4 23.Ba2 Qa5 24.Rc1 Rc6 25.Qe1 Ra8 26.Bxd5 Nxd5 27.Nxd5 Rxc1 28.Ne7+
Kf8 29.Qxc1 Re8 30.Nf5 b4 31.Nd6 1-0

[Event "40th IND-ch (w)"]
[Site "Kolkata IND"]
[Date "2013.08.29"]
[Round "4"]
[White "Michelle, Catherina"]
[Black "Soumya, Swaminathan"]
[Result "0-1"]
[WhiteElo "2152"]
[BlackElo "2318"]
[EventDate "2013.08.26"]
[Board "6"]
[PlyCount "66"]
[EventRounds "11"]
[EventCountry "IND"]

1.e4 c5 2.Nf3 d6 3.d4 cxd4 4.Nxd4 Nf6 5.Nc3 a6 6.h3 e6 7.g4 Be7 8.Bg2 Nfd7
9.Be3 Nc6 10.O-O O-O 11.Qe2 Rb8 12.a4 Nxd4 13.Bxd4 b6 14.f4 e5 15.Be3 exf4
16.Bxf4 Bb7 17.Rad1 Qc7 18.Nd5 Bxd5 19.Rxd5 Ne5 20.Rfd1 b5 21.axb5 axb5 
22.Kh1 Rfd8 23.Bf1 b4 24.Qh2 Rbc8 25.Bb5 Ng6 26.Bxd6 Bxd6 27.Rxd6 Rxd6 28.
Rxd6 Qa5 29.Bd3 Qa1+ 30.Kg2 Qxb2 31.Rd5 b3 32.Rb5 Qc1 33.Kf3 bxc2 0-1